书目信息 |
| 题名: |
学生古诗文鉴赏辞典 下册
|
|
| 作者: | ;上海辞书出版社 , 上海辞书出版社文学鉴赏辞典编纂中心 编 | |
| 分册: | ||
| 出版信息: | 上海 上海辞书出版社 2005.02 |
|
| 页数: | 1830页 | |
| 开本: | 18cm | |
| 丛书名: | ||
| 单 册: | ||
| 中图分类: | G634.33 | |
| 科图分类: | ||
| 主题词: | 古典诗歌--中国--中学--教学参考资料 , 古典散文--中国--中学--教学参考资料 | |
| 电子资源: | ||
| ISBN: | 7-5326-1583-9 | |
| 000 | 01215nam0 2200289 450 | |
| 001 | CAL 012004112933 | |
| 005 | 20050516154314.92 | |
| 010 | @a7-5326-1583-9@b精装@dCNY 35.00 | |
| 099 | @aCAL 012004112933 | |
| 100 | @a20040817d2005 cdmy0chiy0121 ea | |
| 101 | 0 | @achi |
| 102 | @aCN@b310000 | |
| 105 | @ay z 001yy | |
| 200 | 1 | @a学生古诗文鉴赏辞典 下册@Axue sheng gu shi wen jian shang ci dian xia ce@f上海辞书出版社文学鉴赏辞典编纂中心编@Fshang hai ci shu chu ban she wen xue jian shang ci dian bian zuan zhong xin bian |
| 210 | @a上海@c上海辞书出版社@d2005.02 | |
| 215 | @a1830页@d18cm | |
| 330 | @a本书立足中学教学实际,并分析近年考卷出题特点,精选古代诗、词、曲、文近六百篇,介绍作者,进行注释,并进行导读与作品评论。 | |
| 606 | 0 | @a古典诗歌@y中国@x中学@j教学参考资料 |
| 606 | 0 | @a古典散文@y中国@x中学@j教学参考资料 |
| 690 | @aG634.33@v4 | |
| 700 | 0 | @4编 |
| 711 | 02 | @a上海辞书出版社@Ashang hai ci shu chu ban she@b文学鉴赏辞典编纂中心@4编 |
| 711 | 0 | @a上海辞书出版社文学鉴赏辞典编纂中心@Ashang hai ci shu chu ban she wen xue jian shang ci dian bian zuan zhong xin@4编 |
| 801 | 0 | @aCN@bUSTCL@c20050516 |
| 905 | @a10447@dG634.33@eS2001 | |
| 906 | @dCNY70.00 (上、下@n0@r1 | |
| 998 | @aSTC | |
| 学生古诗文鉴赏辞典 下册/上海辞书出版社文学鉴赏辞典编纂中心编.-上海:上海辞书出版社,2005.02 |
| 1830页;18cm |
| ISBN 7-5326-1583-9(精装):CNY 35.00 |
| 本书立足中学教学实际,并分析近年考卷出题特点,精选古代诗、词、曲、文近六百篇,介绍作者,进行注释,并进行导读与作品评论。 |
| ● |
| 相关链接 |
|
|
|
正题名:学生古诗文鉴赏辞典 下册
索取号:G634.33/S2001
 
预约/预借
| 序号 | 登录号 | 条形码 | 馆藏地/架位号 | 状态 | 备注 |
| 1 | 532236 | 205322364 | 社科库409/409社科库 8排2列5层/ [索取号:G634.33/S2001] | 在馆 |